Μαθηματικά μοντέλα
Αποθηκεύτηκε σε:
| Κύριος συγγραφέας: | |
|---|---|
| Μορφή: | Βιβλίο |
| Γλώσσα: | Greek |
| Δημοσίευση: |
Αθήνα :
Εκδόσεις Έναστρον,
2004
|
| Σειρά: | Επιστήμη - θετικές επιστήμες
|
| Θέματα: | |
| Ετικέτες: |
Προσθήκη ετικέτας
Δεν υπάρχουν, Καταχωρήστε ετικέτα πρώτοι!
|
MARC
| LEADER | 00000nam a2200000 i 4500 | ||
|---|---|---|---|
| 001 | 1/48147 | ||
| 008 | 070713s2004 gre d | ||
| 020 | |a 960-88336-2-0 | ||
| 035 | |l 10088838 | ||
| 040 | |a GR-MY-UA |b gre |e aacr | ||
| 041 | 0 | |a gre | |
| 082 | 0 | |a 511.8 |2 (22) | |
| 100 | 1 | |a Γκίκας, Μενέλαος. | |
| 245 | 1 | 0 | |a Μαθηματικά μοντέλα / |c Μενέλαος Σ. Γκίκας |
| 260 | |a Αθήνα : |b Εκδόσεις Έναστρον, |c 2004 | ||
| 300 | |a 95 σ.; |b εικ.; |c 24 εκ. | ||
| 490 | 1 | |a Επιστήμη-Θετικές Επιστήμες | |
| 650 | 0 | 0 | |a Mathematical models. |
| 830 | 0 | |a Επιστήμη - θετικές επιστήμες | |
| 852 | |a INST |b LESVOS |e 20070713 |h 511.8 ΓΚΙ |p 005100041482 |q 005100041482 |t BK |y 0 | ||
| 901 | |a BIBL1-2007-2 | ||
| 909 | |a Λ |b 135986 | ||
| 922 | |a 1ΕΛΗ |b 200707 |c ΕΠΕΑΕΚ2/ΤΕΘ |d Σ. ΠΑΤΑΚΗΣ | ||
| 970 | |a ΚΑΡΑ |b ΓΙΑΣΕΜΗ |z 2007/07/13 | ||